[Event "GRE-ch U12"]
[Site "Peristeri"]
[Date "2023.07.04"]
[Round "3"]
[White "Oikonomopoulos, Filippos"]
[Black "Tsomidis, Stefanos"]
[Result "1-0"]
[WhiteElo "1830"]
[BlackElo "1202"]
[PlyCount "69"]
[EventDate "2023.07.03"]
[EventType "swiss"]
[EventRounds "9"]
[EventCountry "GRE"]
[SourceTitle "EXT 2024"]
[Source "ChessBase"]
[SourceDate "2023.10.10"]
[SourceVersion "1"]
[SourceVersionDate "2023.10.10"]
[SourceQuality "1"]

1. e4 e6 2. d4 d5 3. Nd2 Nf6 4. e5 Nfd7 5. f4 c5 6. Ngf3 Nc6 7. Nb3 cxd4 8. Nbxd4 Qb6 9. c3 a6 10. Be2 Bc5 11. Rb1 0-0 12. 0-0 Ndb8 13. Be3 Nxd4 14. cxd4 Be7 15. g4 Nc6 16. a3 Bd7 17. b4 Na7 18. Bd3 Nb5 19. Rb3 Rac8 20. Qd2 Rc6 21. a4 Na7 22. f5 exf5 23. gxf5 Re8 24. Qg2 Kh8 25. e6 Bf6 26. exf7 Rf8 27. a5 Qc7 28. Ne5 Bxe5 29. dxe5 Nb5 30. e6 Bc8 31. Bxb5 axb5 32. Bd4 Rxf7 33. exf7 Qxf7 34. Rg3 Rc7 35. Kh1 1-0

[Event "GRE-ch U12"]
[Site "Peristeri"]
[Date "2023.07.03"]
[Round "1"]
[White "Pitsakis, Ilias"]
[Black "Tsomidis, Stefanos"]
[Result "1-0"]
[WhiteElo "1730"]
[BlackElo "1202"]
[PlyCount "71"]
[EventDate "2023.07.03"]
[EventType "swiss"]
[EventRounds "9"]
[EventCountry "GRE"]
[SourceTitle "EXT 2024"]
[Source "ChessBase"]
[SourceDate "2023.10.10"]
[SourceVersion "1"]
[SourceVersionDate "2023.10.10"]
[SourceQuality "1"]

1. d4 d5 2. Bf4 e6 3. e3 c5 4. c3 Nc6 5. Nd2 Qb6 6. Qb3 c4 7. Qc2 Bd7 8. e4 Nge7 9. Ngf3 Ng6 10. Bg3 Rc8 11. Be2 Be7 12. Rd1 0-0 13. e5 Qc7 14. h4 Rfe8 15. h5 Nf8 16. h6 g6 17. Nh2 Qd8 18. Ng4 f5 19. exf6 Bxf6 20. Nf3 e5 21. Nxf6+ Qxf6 22. Nxe5 Nxe5 23. Bxe5 Rxe5 24. dxe5 Qxe5 25. Qd2 Bc6 26. 0-0 Ne6 27. Bg4 Re8 28. Rfe1 Qf6 29. Bxe6+ Rxe6 30. Rxe6 Qxe6 31. Qd4 Qe7 32. Qxa7 Qg5 33. Qb8+ Kf7 34. Qc7+ Ke6 35. Re1+ Kf6 36. Qe7+ 1-0

[Event "GRE-ch South U10"]
[Site "Athens"]
[Date "2020.08.31"]
[Round "6"]
[White "Tsomidis, Stefanos"]
[Black "Velonakis, Angelos Petros"]
[Result "1/2-1/2"]
[WhiteElo "1026"]
[BlackElo "1298"]
[PlyCount "113"]
[EventDate "2020.08.28"]
[EventType "swiss"]
[EventRounds "9"]
[EventCountry "GRE"]
[SourceTitle "EXT 2023"]
[Source "ChessBase"]
[SourceDate "2022.10.05"]
[SourceVersion "1"]
[SourceVersionDate "2022.10.05"]
[SourceQuality "1"]

1. e4 e5 2. Nf3 Nc6 3. d4 exd4 4. Nxd4 Bc5 5. Nxc6 bxc6 6. Nc3 d6 7. Bc4 Nf6 8. Bg5 h6 9. Bh4 Qe7 10. Qf3 Qe5 11. Bxf6 Qxf6 12. Qxf6 gxf6 13. 0-0 Be6 14. Be2 Rb8 15. Rab1 Rg8 16. Bf3 Ke7 17. b3 Bd4 18. Ne2 Be5 19. c3 Rg7 20. Kh1 Rbg8 21. Nd4 Bxd4 22. cxd4 Bg4 23. h3 Bxf3 24. gxf3 Rg2 25. Rg1 Rxg1+ 26. Rxg1 Rxg1+ 27. Kxg1 Ke6 28. Kf1 d5 29. Ke2 f5 30. e5 f6 31. f4 c5 32. Kd3 fxe5 33. dxe5 Kd7 34. a4 a5 35. h4 h5 36. Kc3 Kc6 37. Kd3 Kd7 38. Kc3 d4+ 39. Kc4 c6 40. Kd3 Ke6 41. Kc4 Kd7 42. Kd3 Ke6 43. Ke2 Kd5 44. Kd3 Ke6 45. Kc4 Kd7 46. Kd3 Ke6 47. f3 Kd7 48. Ke2 Ke6 49. Kd1 Kd5 50. Kd2 Ke6 51. Kc2 Kd5 52. Kd3 Ke6 53. Kc4 Kd7 54. Kd3 Ke6 55. Kc4 Kd7 56. Kd3 Ke6 57. Kc4 1/2-1/2